2023-24 FIFA ARSENAL PLAYER BY PICTURE - Statistics

General Stats
  • This quiz has been taken 936 times
    906 since last reset
  • The average score is 17 of 21
Answer Stats
Picture Answer % Correct
Bukayo Saka
100%
Kai Havertz
94%
Declan Rice
92%
Thomas Partey
90%
Gabriel Jesus
86%
Oleksandr Zinchenko
86%
Aaron Ramsdale
85%
Ben White
84%
William Saliba
84%
Takehiro Tomiyasu
83%
Gabriel Martinelli
82%
Leandro Trossard
82%
Martin Ødegaard
82%
David Raya
78%
Eddie Nketiah
78%
Jorginho
77%
Gabriel
76%
Fabio Vieira
70%
Jurriën Timber
70%
Emile Smith Rowe
67%
Reiss Nelson
62%
No matching quizzes found
Score Distribution
Percent of People with Each Score
Percentile by Number Answered
Your Score History
You have not taken this quiz since the last reset